Statistics for Danske statsministre

Click here to take the quiz!

General Stats

  • This quiz has been taken 33 times
  • The average score is 13 of 29

Answer Stats

HintAnswer% Correct
27.06.2019 - Socialdemokratiet - 70% reduktion af CO2, Coronavirus, Arne-pension, Børn i privatskole, Martin RossenMette Frederiksen
100%
05.04.2009 - 03.10.2011 - Venstre - Overtog uden valg, COP15, Ministerrokade, BillagssagenLars Løkke Rasmussen
93%
28.06.2015 - 27.06.2019 - Venstre - Kvotekonger, Privat-Lars, Dansk Folkeparti, Maskeringsforbud, BlasfemiparagraffenLars Løkke Rasmussen
93%
27.11.2001 - 05.04.2009 - Venstre - Krig: Afghanistan & Irak. Første spindoktor, Generalsekratær i NATOAnders Fogh Rasmussen
86%
03.10.2011 - 28.06.2015 - Socialdemokratiet - Udlicitering af offentlig virksomhed, Blå politik, Gucci-X, Børn i privatskole, Betalingsringen,Helle Thorning-Schmidt
79%
13.02.1975 - 10.09.1982 - Socialdemokrat - fire nye regeringsdannelser, kaldenavn: Jern-X. Efterlønnen.Anker Jørgensen
64%
05.10.1972 - 19.12.1973 - Socialdemokrat - Overtog dagen efter EF-FolkeafstemningAnker Jørgensen
64%
25.01.1993 - 27.11.2001 - Socialdemokrat - Fik magten uden folketingsvalg, Uld i mund, lille cykelhjelm, ikke-stuerenePoul Nyrup Rasmussen
64%
11.10.1971 - 05.10.1972 - Socialdemokrat - Gik af dagen før EF-afstemningen, revsede de danskere som havde stemt på GlistrupJens Otto Krag
57%
03.09.1962 - 02.02.1968 - Socialdemokrat - Det Røde Kabinet, "Man har et standpunkt,til man ta'r et nyt"Jens Otto Krag
57%
10.09.1982 - 25.01.1993 - Konservativ - eneste konservative statsminister siden systemskiftet, længstsiddende statsminister i perioden, stram økonomisk politik(kartoffelkur), Tamilsagen(gulvtæppetalen)Poul Schlüter
57%
23.04.1924 - 14.12.1926 - Første socialdemokrat. Nina Bang.Thorvald Stauning
50%
30.04.1929 - 03.05.1942 - Socialdemokrat - Kanslergadeforliget, X eller kaos, landsfader, 46 % af stemmerne, X-Munch æraenThorvald Stauning
50%
09.11.1942 - 05.05.1945 - Partiløs - Udenrigsminister i den første radikale regeringErik Scavenius
36%
02.02.1968 - 11.10.1971 - Radikale Venstre - Fordoblede mandattallet, Stigende skattetryk, UngdomsoprøretHilmar Baunsgaard
36%
19.12.1973 - 13.02.1975 - Venstre - 22 mandater, Jordskredsvalg, Negativ paralemtarisme,Poul Hartling
36%
30.10.1950 - 30.09.1953 - Venstre - Grundlovsændringen af 1953: Tronfølgeloven, Valgretsalder nedsat, indførelsen af et-kammersystemetErik Eriksen
29%
30.09.1953 - 01.02.1955 - Socialdemokrat - Døde på posten i 1955Hans Hedtoft
29%
13.11.1947 - 30.10.1950 - Socialdemokrat - tilhænger af det nordiske samarbejde, men Danmark indlemmedes i Atlantpagten(NATO) i 1949Hans Hedtoft
29%
05.05.1945 - 07.11.1945 - Socialdemokrat - Befrielsesregeringen, Samlingsregering med ministre fra samtlige partier.Vilhelm Buhl
29%
04.05.1942 - 09.11.1942 - Socialdemokrat - antisabotagetale, tyskkritiker, måtte gå af efter pres fra NazitysklandVilhelm Buhl
29%
01.02.1955 - 19.02.1960 - Socialdemokrat - Folkepension 1957, Antikommunistisk, Godkendte amerikanske atomvåben på GrønlandH.C. Hansen
21%
07.11.1945 - 13.11.1947 - Venstre - Stærk fortaler for genforeningen af Sydslesvig, men måtte trække sig efter et mistillidsvotumKnud Kristensen
21%
30.03.1920 - 05.04.1920 - Upolitisk - Udpeget af Christian 10 efter påskekrisen. Kortest siddende statsminister: 7 dageOtto Liebe
14%
21.02.1960 - 03.09.1962 - Socialdemokrat - De glade 60'ere, Økonomisk fremgang, VelfærdspolitikViggo Kampmann
14%
21.04.1918 til 30.03.1920 - Første danske statsminister og en af to radikale statsministre i statsministeræraenCarl Theodore Zahle
7%
05.04.1920 - 05.05.1920 - UpolitiskM.P. Friis
7%
05.05.1920 - 23.04.1924 - Venstre - første venstremand på posten. Tiltrådte som minister i en senere regering efter at have været statsministerNiels Neergaard
7%
14.12.1926 - 30.04.1929 - Venstre - "Lad falde hvad ej kan stå". Social nedskæringspolitik.Thomas Madsen-Mygdal
7%

Score Distribution

Percentile by Number Answered

Percent of People with Each Score

Your Score History

You have not taken this quiz